000 00500nam a2200181Ia 4500
008 100917s9999 xx 000 0 und d
082 _b3928
100 _aमाडखोलकर गजानन त्र्यंबक
245 _aनवे संसार
260 _b---
_c1941
300 _a354
365 _b3
520 _aकादंबरी
630 _aनवे संसार
650 _aकादंबरी
730 _aनवे संसार
942 _cBOOK
999 _c609322
_d609319